The UK in Numbers - Statistics

General Stats
  • This quiz has been taken 83 times
    47 since last reset
  • The average score is 6 of 20
Answer Stats
Hint Margin
of Error
Answer % Correct
Lions in Trafalgar Square 0 4
98%
Age at which it is legal to buy alcohol in a pub 0 18
60%
Counties in England (current, not historical)

+/−2

48
55%
Teams in the English Premier League 0 20
50%
Year in which the RMS Titanic was launched 0 1911
45%
Bells in the Elizabeth Tower (sometimes referred to as "Big Ben") 0 5
38%
Number of the motorway which links Cambridge and London 0 11
33%
Official cities in the UK

+/−4

76
33%
Royal Parks in London 0 8
33%
Telephone area dialling code for Birmingham 0 0121
31%
National Parks in the UK 0 15
31%
Underground (Tube) lines in London 0 11
29%
Age of Winston Churchill at the time of his death 0 90
26%
Munros (mountains over 3000 ft) in Scotland

+/−12

282
14%
Height of Mount Snowdon (in feet) +/-100 3560
14%
Length of the River Severn (in miles) +/-10 220
12%
Weight of an Olympic curling stone, made from Scottish granite (in pounds)

+/−3

38-44
12%
Distance from Lands End to John O'Groats as the crow flies (in miles) +/-20 603
12%
Length of the M25, London's Orbital Motorway (in miles) +/-5 117
10%
Length of Hadrian's Wall

+/−4

73
10%
No matching quizzes found
Score Distribution
Percent of People with Each Score
Percentile by Number Answered
Your Score History
You have not taken this quiz since the last reset